KOHA-Header-6

Stories from Greek Tragedies (Record no. 7291)

000 -LEADER
fixed length control field 00205nam a2200097Ia 4500
100 ## - MAIN ENTRY--AUTHOR NAME
Personal name MeGovern, Kieran
245 #0 - TITLE STATEMENT
Title Stories from Greek Tragedies
260 ## - PUBLICATION, DISTRIBUTION, ETC. (IMPRINT)
Place of publication USA
Name of publisher Oxford
Year of publication 1994
300 ## - PHYSICAL DESCRIPTION
Number of Pages 105
942 ## - ADDED ENTRY ELEMENTS (KOHA)
Koha item type Books
Holdings
Withdrawn status Lost status Permanent Location Current Location Date acquired Full call number Accession Number Koha item type
    MAJU MAJU 2019-09-12 823.8 1101 Books

Powered by Koha